Statistics for Rappers By Song Name-Better Version

Click here to take the quiz!

General Stats

  • This quiz has been taken 13 times
  • The average score is 17 of 36

Answer Stats

HintAnswer% Correct
SICKO MODETravis Scott
92%
BOPDaBaby
83%
A Lot21 Savage
75%
Love SosaChief Keef
75%
RansomLil Tecca
75%
Just Wanna RockLil Uzi Vert
75%
Mask OffFuture
67%
What's PoppinJack Harlow
67%
A MilliLil Wayne
67%
CamelotNLE Choppa
67%
DNAKendrick Lamar
58%
Ric Flair DripOffset
58%
DiorPop Smoke
58%
Ballin'Roddy Ricch
58%
Money So BigYeat
58%
ConversationsJuice WRLD
50%
Dreams and NightmaresMeek Mill
50%
Bad and BoujeeMigos
50%
SecretsA Boogie Wit Da Hoodie
42%
Envy MeCalboy
42%
QuicksandMorray
42%
Deja VuJ Cole
33%
ExoticLil Baby
33%
Pelle CoatLil Durk
33%
Go StupidPolo G
33%
Back in BloodPooh Shiesty
33%
Don't Play ThatKing Von
25%
Run It UpLil Tjay
25%
Racks in the MiddleNipsey Hussle
25%
100 ShotsYoung Dolph
25%
Metro SpiderYoung Thug
25%
BlessingsBig Sean
17%
4 ThangsFreddie Gibbs
17%
NeverJID
8%
DirtKey Glock
8%
CassiusWale
8%

Score Distribution

Percentile by Number Answered

Percent of People with Each Score

Your Score History

You have not taken this quiz